| 000 | 00911nam a22002777a 4500 | ||
|---|---|---|---|
| 001 | 7052 | ||
| 003 | FISKH | ||
| 005 | 20250619133250.0 | ||
| 008 | 250619b cb ||||| |||| 00| 0 eng d | ||
| 020 | _a9781445436890 | ||
| 040 |
_aFISKH _beng _cFISKH _dFISKH |
||
| 050 | _aPZ7 | ||
| 082 | _a823.92 | ||
| 100 | _aBendall-Brunello, Tiziana | ||
| 245 |
_aMy favorite food / _cTiziana & John Bendall-Brunello |
||
| 260 |
_aNew York : _bParagon, _c2010. |
||
| 300 |
_a24 unnumbered pages : _bcolor illustrations ; _c25 cm |
||
| 505 | _aE | ||
| 520 | _aLittle Goose's favorite food is grass. But what she wonders, do Pig, and Goat and Cow like to eat? And Fox? What will Fox's favorite food be?! | ||
| 521 | 8 |
_a290
_bLexile estimate |
|
| 521 | 8 |
_aE
_bRaz-Plus |
|
| 650 |
_aFavorite Foods _vAnimal Characters |
||
| 700 |
_aBendall-Brunell, John _eAuthor |
||
| 942 |
_2ddc _cBK _n0 |
||
| 999 |
_c7052 _d7052 |
||